| 000 | 00661nam a22001937a 4500 | ||
|---|---|---|---|
| 003 | OSt | ||
| 005 | 20140310182435.0 | ||
| 008 | 130220t xxu||||| |||| 00| 0 eng d | ||
| 020 | _a9789715849166 | ||
| 050 |
_aRS 164 _b.R937 2009 vol.1 |
||
| 100 |
_aRummel, Dietmar J. _98091 |
||
| 245 |
_aDeskbook : Philippine medicinal plants in primary health care : _bphytotherapy, phytopharmacology, phytochemistry, veterinary medicine / _cDietmar J. Rummel. |
||
| 260 |
_aQuezon City : _bC & E Pub., _cc2009. |
||
| 300 |
_a565 p. : _c26 cm. _bcol. ill. ; |
||
| 650 |
_aPhilippine Medicinal Plants _98993 |
||
| 942 |
_2lcc _cSSLC |
||
| 999 |
_c13420 _d13420 |
||